RAKSASA GUNUNG TIBET . H28

Bibliographic Details
Main Author: Tadatada (Author)
Corporate Author: Komik Solar Team (Illustrator)
Format: Book
Published: Kuala Lumpur : Kadokawa Gempak Starz Sdn Bhd 2019
Series:Siri X-Venture era jelajah ulung
Subjects:

MARC

LEADER 00000cam a2200000 7i4500
001 0000309397
005 20241025161142.0
006 aa# b### ### 000 1
007
008 t20192019my a b #000 may d
020 |a 9789672341437 
040 |a MBPJ   |b eng   |c MBPJ   |e rda 
090 |a JF   |b TAD 
100 0 |a Tadatada ,   |e author 
245 0 0 |a RAKSASA GUNUNG TIBET .   |n H28   |c IDEA ASAL TADATADA ; KOMIK SOLAR TEAM 
264 1 |a Kuala Lumpur :   |b Kadokawa Gempak Starz Sdn Bhd   |c 2019 
264 4 |c ©2019 
300 |a 152pages :   |b colour illustrations ;   |c 21cm. 
336 |a still image  |2 rdacontent 
336 |a text  |2 rdacontent 
337 |a unmediated  |2 rdamedia 
338 |a volume  |2 rdacarrier 
490 0 |a Siri X-Venture era jelajah ulung 
650 0 |a Children's stories, Malay 
650 0 |a Science fiction comic books, strips, etc 
710 2 |a Komik Solar Team   |e illustrator 
999 |a 00409883   |b BUKU   |c PINJAMAN   |e PERPUSTAKAAN KOMUNITI CAW KOTA DAMANSARA